[Event "SC Klein-Berlin Rheine 1 - SK Münster 3"]
[Site "Regionalliga 2015/2016"]
[Date "2016.02.27"]
[Round "7.2"]
[White "Brümmer, Frank"]
[Black "Quante, Lennart"]
[Result "1/2-1/2"]
[WhiteElo "2177"]
[BlackElo "1961"]
[PlyCount "98"]
[EventDate "2016.??.??"]
[SourceDate "2015.09.11"]

1. d4 Nf6 2. Nf3 g6 3. Nc3 d5 4. Bf4 Bg7 5. Qd2 O-O 6. Bh6 Ne4 7. Nxe4 dxe4 8.
Bxg7 Kxg7 9. Ng5 e5 10. d5 e3 11. Qxe3 Qxd5 12. Qc3 Nc6 13. e3 Qa5 14. Qxa5
Nxa5 15. O-O-O f6 16. Ne4 b6 17. Be2 Bb7 18. Bf3 Rad8 19. b4 Nc4 20. Rxd8 Rxd8
21. Ng5 fxg5 22. Bxb7 Nd6 23. Bc6 Nf5 24. Rd1 Rd6 25. Be4 Kf6 26. Rd3 Rxd3 27.
Bxd3 Ke6 28. Kb2 Kd6 29. Kb3 Ne7 30. Be4 c6 31. Kc4 Nc8 32. c3 Ne7 33. Bc2 Nc8
34. Kd3 Ne7 35. Bb3 Nc8 36. Bg8 Ne7 37. Bf7 Nf5 38. Ke4 Ke7 39. Bg8 Kf6 40. Bb3
Ne7 41. a4 Nc8 42. Bd1 h5 43. Bb3 Nd6+ 44. Kd3 Ke7 45. Bd1 a5 46. Bf3 c5 47.
bxc5 bxc5 48. Bd5 h4 49. g3 Kf6 1/2-1/2

[Event "SC Klein-Berlin Rheine 1 - SK Münster 3"]
[Site "Regionalliga 2015/2016"]
[Date "2016.02.27"]
[Round "7.3"]
[White "Wingenfeld, Klaus"]
[Black "Henneberger, Sven"]
[Result "1/2-1/2"]
[WhiteElo "1928"]
[BlackElo "2109"]
[PlyCount "136"]
[EventDate "2016.??.??"]
[SourceDate "2015.09.11"]

1. e4 e6 2. d4 d5 3. Nc3 Bb4 4. e5 Qd7 5. a3 Bxc3+ 6. bxc3 b6 7. Bd3 Ba6 8. Nf3
Bxd3 9. cxd3 Nc6 10. O-O Nge7 11. a4 Nf5 12. Re1 O-O 13. Be3 Na5 14. Nd2 f6 15.
Bf4 Rae8 16. h3 Qc6 17. Rc1 Nh4 18. exf6 Ng6 19. Bg5 gxf6 20. Bh6 Rf7 21. Nf3
Nb7 22. h4 Nd8 23. h5 Nf8 24. Nh4 Qd7 25. Qg4+ Kh8 26. Re3 e5 27. Qe2 Nc6 28.
f4 Ne6 29. fxe5 fxe5 30. dxe5 d4 31. Rf3 dxc3 32. Rxf7 Qxf7 33. Rxc3 Ncd4 34.
Qf2 Qxf2+ 35. Kxf2 Rg8 36. Be3 Rg4 37. Nf3 c5 38. Bxd4 Nxd4 39. Nxd4 Rxd4 40.
a5 Kg7 41. axb6 axb6 42. Ke3 Kf7 43. Rb3 Ke6 44. Rxb6+ Kxe5 45. Rb7 Rg4 46. Kf3
Rf4+ 47. Kg3 Rd4 48. Re7+ Kf5 49. Re3 c4 50. dxc4 Rxc4 51. Re7 Rc3+ 52. Kh4
Rc4+ 53. Kh3 Kg5 54. Rxh7 Rh4+ 55. Kg3 Rg4+ 56. Kf3 Rf4+ 57. Ke3 Rg4 58. Rh8
Ra4 59. h6 Rb4 60. g3 Ra4 61. Kf3 Rb4 62. g4 Ra4 63. h7 Kh6 64. g5+ Kg7 65. Rf8
Kxh7 66. Rf4 Rxf4+ 67. Kxf4 Kg6 68. Kg4 Kg7 1/2-1/2

[Event "SC Klein-Berlin Rheine 1 - SK Münster 3"]
[Site "Regionalliga 2015/2016"]
[Date "2016.02.27"]
[Round "7.4"]
[White "Langhanke, Günther"]
[Black "Baumann, Stephan"]
[Result "1/2-1/2"]
[WhiteElo "1986"]
[BlackElo "2019"]
[PlyCount "75"]
[EventDate "2016.??.??"]
[SourceDate "2015.09.11"]

1. e4 e5 2. Nf3 Nc6 3. Bc4 Nf6 4. d3 Be7 5. O-O O-O 6. Bb3 d5 7. exd5 Nxd5 8.
Re1 Bg4 9. h3 Bh5 10. g4 Bg6 11. Nxe5 Nxe5 12. Rxe5 c6 13. Qf3 Bd6 14. Re2 Kh8
15. Bxd5 cxd5 16. Nc3 d4 17. Nb5 Bc5 18. Bf4 Qb6 19. a4 a6 20. Bc7 Qc6 21. Qxc6
bxc6 22. Bd6 Bxd6 23. Nxd6 f5 24. Nxf5 Bxf5 25. gxf5 Rxf5 26. Rae1 Kg8 27. Re8+
Rxe8 28. Rxe8+ Kf7 29. Rd8 Rc5 30. Rxd4 Rxc2 31. Rb4 h6 32. Rb6 a5 33. b4 axb4
34. Rxb4 Rc3 35. Rb7+ Kg8 36. a5 Ra3 37. Ra7 Rxd3 38. Rc7 1/2-1/2

[Event "SC Klein-Berlin Rheine 1 - SK Münster 3"]
[Site "Regionalliga 2015/2016"]
[Date "2016.02.27"]
[Round "7.5"]
[White "Ollech, Dirk"]
[Black "Brümmer, Andreas"]
[Result "1/2-1/2"]
[WhiteElo "1925"]
[BlackElo "1921"]
[PlyCount "47"]
[EventDate "2016.??.??"]
[SourceDate "2015.09.11"]

1. d4 f5 2. c4 Nf6 3. Nc3 e6 4. g3 Be7 5. Bg2 O-O 6. Nf3 Ne4 7. Qc2 d5 8. O-O
c6 9. Rb1 Nd7 10. b4 Ndf6 11. Ne5 Nxc3 12. Qxc3 Ne4 13. Qc2 Bd7 14. c5 Be8 15.
a4 a6 16. Be3 Rc8 17. f3 Ng5 18. Bf2 Bf6 19. Nd3 Qe7 20. Rbe1 h5 21. h4 Nf7 22.
Nf4 Nh6 23. Nh3 Bg6 24. f4 1/2-1/2

[Event "SC Klein-Berlin Rheine 1 - SK Münster 3"]
[Site "Regionalliga 2015/2016"]
[Date "2016.02.27"]
[Round "7.6"]
[White "Averkamp-Peters, Jens"]
[Black "Meyer, Ulrich"]
[Result "0-1"]
[WhiteElo "1935"]
[BlackElo "1881"]
[PlyCount "94"]
[EventDate "2016.??.??"]
[SourceDate "2015.09.11"]

1. e4 c5 2. d4 cxd4 3. c3 d3 4. Bxd3 Nc6 5. Nf3 e5 6. O-O Nf6 7. Be3 Be7 8. b4
a6 9. Nbd2 d5 10. exd5 Nxd5 11. Bc4 b5 12. Bxd5 Qxd5 13. a4 Bb7 14. axb5 axb5
15. Qb3 Qd3 16. Rxa8+ Bxa8 17. Rd1 O-O 18. Nf1 Qg6 19. Ng3 Kh8 20. Bc5 Bxc5 21.
bxc5 Rb8 22. Rd6 f6 23. h4 Qe8 24. h5 Na5 25. Qd1 Nc4 26. Ra6 Qc8 27. Qa1 Bxf3
28. gxf3 h6 29. c6 Nb6 30. Ra7 Qxc6 31. Qb1 Nc8 32. Rf7 Nd6 33. Re7 Rb7 34.
Rxb7 Qxb7 35. Qb4 Qd5 36. Qg4 Qf7 37. Qb4 Qe6 38. Qc5 f5 39. Qc6 Qf6 40. Qa8+
Kh7 41. Kf1 Qe6 42. Kg2 e4 43. fxe4 f4 44. Ne2 Qg4+ 45. Kf1 Qxh5 46. Qf8 Qh1+
47. Ng1 f3 0-1

[Event "SC Klein-Berlin Rheine 1 - SK Münster 3"]
[Site "Regionalliga 2015/2016"]
[Date "2016.02.27"]
[Round "7.7"]
[White "Wolffgang, Georg"]
[Black "Kornick, Ulrich"]
[Result "1/2-1/2"]
[WhiteElo "1879"]
[BlackElo "1930"]
[PlyCount "54"]
[EventDate "2016.??.??"]
[SourceDate "2015.09.11"]

1. d4 d5 2. Bg5 c6 3. Nf3 Qb6 4. b3 Bf5 5. e3 Nd7 6. Bd3 Bxd3 7. Qxd3 Ngf6 8.
Nbd2 e6 9. O-O Be7 10. c4 dxc4 11. bxc4 Qc7 12. Bf4 Bd6 13. Bxd6 Qxd6 14. c5
Qc7 15. Nc4 O-O 16. Rfb1 b6 17. cxb6 axb6 18. a4 c5 19. Qb3 Rfb8 20. Na3 Ne4
21. Nb5 Qc6 22. Rc1 Ra5 23. Rc4 Nd6 24. Nxd6 Qxd6 25. Rd1 b5 26. axb5 Raxb5 27.
Qc2 Qb6 1/2-1/2

[Event "SC Klein-Berlin Rheine 1 - SK Münster 3"]
[Site "Regionalliga 2015/2016"]
[Date "2016.02.27"]
[Round "7.8"]
[White "Hemmert, Michael"]
[Black "Liu, Yi-Nan Julian"]
[Result "0-1"]
[WhiteElo "1856"]
[BlackElo "1822"]
[PlyCount "94"]
[EventDate "2016.??.??"]
[SourceDate "2015.09.11"]

1. d4 Nf6 2. Bf4 g6 3. e3 Bg7 4. Nd2 d5 5. Bd3 c5 6. c3 Qb6 7. Qc2 c4 8. Be2
Bf5 9. Qa4+ Qc6 10. Qa3 Nbd7 11. Ngf3 a5 12. O-O O-O 13. Qxe7 Rfc8 14. Ne5 Nxe5
15. dxe5 Nd7 16. Nf3 Re8 17. Qd6 Bxe5 18. Qxc6 bxc6 19. Nxe5 Nxe5 20. Bxe5 Rxe5
21. b3 Rb8 22. bxc4 Rb2 23. Bf3 Bd3 24. Rfd1 Bxc4 25. Rdb1 Rc2 26. Rb8+ Kg7 27.
a4 Rxc3 28. Ra8 Re7 29. Rxa5 Bd3 30. Ra8 Rb7 31. a5 Rb2 32. a6 Ra2 33. Rd1 Rxa6
34. Rxa6 Bxa6 35. h4 Bd3 36. g4 Kf6 37. g5+ Ke5 38. Bg2 Rb3 39. Kh2 c5 40. Kg3
c4 41. Rd2 d4 42. f4+ Kd6 43. Kf2 Kc5 44. Bf3 Kb4 45. exd4 c3 46. Rxd3 c2 47.
Bd1 Rxd3 0-1

[Event "Schach Nienberge 1 - SG Turm Raesfeld/E"]
[Site "Regionalliga 2015/2016"]
[Date "2016.02.27"]
[Round "7.1"]
[White "Wilger, Frank"]
[Black "Ringwelski, Marius"]
[Result "1-0"]
[WhiteElo "2097"]
[BlackElo "1995"]
[PlyCount "59"]
[EventDate "2016.??.??"]
[SourceDate "2015.09.11"]

1. d4 Nf6 2. Nf3 e6 3. g3 d5 4. Bg2 c5 5. c4 dxc4 6. Qa4+ Bd7 7. Qxc4 Nc6 8.
O-O b5 9. Qxb5 Nxd4 10. Nxd4 Bxb5 11. Nxb5 Nd5 12. Bf4 Nxf4 13. gxf4 Rb8 14.
N1c3 Qb6 15. Na3 Qa6 16. Rfd1 Rxb2 17. Nab5 Rxb5 18. Nxb5 Qxb5 19. Rab1 Qa6 20.
Rb8+ Ke7 21. e4 f6 22. f5 g6 23. Bf1 Qc6 24. Bb5 Qc7 25. Re8+ Kf7 26. fxe6+ Kg8
27. Rd7 Qf4 28. e7 Qc1+ 29. Bf1 Qg5+ 30. Kh1 1-0

[Event "Schach Nienberge 1 - SG Turm Raesfeld/E"]
[Site "Regionalliga 2015/2016"]
[Date "2016.02.27"]
[Round "7.2"]
[White "Kemper, Georg"]
[Black "Gesing, Felix"]
[Result "1/2-1/2"]
[WhiteElo "1887"]
[BlackElo "1964"]
[PlyCount "77"]
[EventDate "2016.??.??"]
[SourceDate "2015.09.11"]

1. d4 Nf6 2. c4 c5 3. d5 e6 4. Nc3 exd5 5. cxd5 d6 6. e4 g6 7. Nf3 Bg7 8. h3
O-O 9. Bd3 Re8 10. O-O a6 11. a4 Qc7 12. Bf4 Nbd7 13. Re1 Nh5 14. Bh2 Ne5 15.
Nxe5 Bxe5 16. Bxe5 dxe5 17. Nb1 Nf4 18. Na3 Qe7 19. Bf1 Qg5 20. Kh2 f5 21. Nc4
fxe4 22. Nb6 Rb8 23. Nxc8 Rexc8 24. Rxe4 Kg7 25. g3 Nh5 26. Qe1 Rf8 27. Bg2
Rbe8 28. f4 exf4 29. Rxe8 Qxg3+ 30. Kh1 Rxe8 31. Qxe8 f3 32. Qe7+ Kg8 33. Qe6+
Kg7 34. Bxf3 Qxf3+ 35. Kg1 Qg3+ 36. Kf1 Qf3+ 37. Kg1 Qg3+ 38. Kf1 Qf3+ 39. Kg1
1/2-1/2

[Event "Schach Nienberge 1 - SG Turm Raesfeld/E"]
[Site "Regionalliga 2015/2016"]
[Date "2016.02.27"]
[Round "7.3"]
[White "Brömmel, Rudolf"]
[Black "Gottkehaskamp, Philipp"]
[Result "0-1"]
[WhiteElo "1912"]
[BlackElo "1975"]
[PlyCount "116"]
[EventDate "2016.??.??"]
[SourceDate "2015.09.11"]

1. d4 Nf6 2. Bg5 c5 3. Nc3 Qa5 4. Nf3 Ne4 5. Bd2 Nxd2 6. Qxd2 cxd4 7. Nxd4 a6
8. Nb3 Qd8 9. g3 Nc6 10. Bg2 g6 11. h4 h5 12. Nd5 Bh6 13. f4 d6 14. Nd4 Bd7 15.
e4 O-O 16. Nxc6 bxc6 17. Ne3 Qb6 18. c3 Rab8 19. Rb1 Be6 20. b3 Rfd8 21. c4 Bg7
22. Ke2 Bd4 23. Nc2 Bg4+ 24. Bf3 Bxf3+ 25. Kxf3 e5 26. Rhd1 c5 27. Ne3 Qb7 28.
f5 Qb4 29. Nd5 Qxd2 30. Rxd2 Kg7 31. f6+ Kf8 32. g4 hxg4+ 33. Kxg4 Ke8 34. Rh1
Kd7 35. h5 gxh5+ 36. Rxh5 Rg8+ 37. Rg5 Ke6 38. Rd3 Rxg5+ 39. Kxg5 Rg8+ 40. Kh6
Rg4 41. Rf3 Rxe4 42. Kg7 Rg4+ 43. Kf8 e4 44. Rf1 e3 45. Nc7+ Kd7 46. Nd5 e2 47.
Re1 Re4 48. Kxf7 Bf2 49. Kg6 Bxe1 50. f7 Re6+ 51. Kf5 Bh4 52. f8=Q Re5+ 53. Kg4
e1=Q 54. Nb6+ Kc6 55. Qc8+ Kxb6 56. Qb8+ Ka5 57. Qc7+ Kb4 58. Qb6+ Ka3 0-1

[Event "Schach Nienberge 1 - SG Turm Raesfeld/E"]
[Site "Regionalliga 2015/2016"]
[Date "2016.02.27"]
[Round "7.4"]
[White "Haas, Kai Markus"]
[Black "Pliete, Christian"]
[Result "0-1"]
[WhiteElo "2000"]
[BlackElo "1826"]
[PlyCount "82"]
[EventDate "2016.??.??"]
[SourceDate "2015.09.11"]

1. d3 e5 2. g3 Bc5 3. Bg2 d6 4. e4 Ne7 5. Nf3 Nbc6 6. c3 Bg4 7. h3 Bh5 8. Nbd2
O-O 9. g4 Bg6 10. Nf1 d5 11. Qe2 dxe4 12. dxe4 Qd6 13. Ng3 Rad8 14. O-O Qd3 15.
Re1 Qxe2 16. Rxe2 Rd1+ 17. Re1 Rfd8 18. Kf1 f6 19. Nh4 Bf7 20. Bf3 Bc4+ 21. Be2
Bxe2+ 22. Kxe2 R1d3 23. f3 a5 24. Nf1 g5 25. Nf5 Ng6 26. a4 R8d7 27. Bd2 Nd8
28. b4 axb4 29. cxb4 Ba7 30. Red1 Ne6 31. Ke1 Rxf3 32. N1e3 Ngf4 33. Bc1 Rxd1+
34. Kxd1 Rxh3 35. Kc2 Nd4+ 36. Kb2 Nd3+ 37. Kc3 Nxc1 38. Kc4 Nce2 39. Nd5 c6
40. Nxf6+ Kf7 41. Nd5 b5+ 0-1

[Event "Schach Nienberge 1 - SG Turm Raesfeld/E"]
[Site "Regionalliga 2015/2016"]
[Date "2016.02.27"]
[Round "7.5"]
[White "Borutta, Niklas"]
[Black "Althoff, Franz"]
[Result "1/2-1/2"]
[WhiteElo "2048"]
[BlackElo "2000"]
[PlyCount "39"]
[EventDate "2016.??.??"]
[SourceDate "2015.09.11"]

1. d4 Nf6 2. Nf3 e6 3. c4 d5 4. g3 dxc4 5. Bg2 c5 6. O-O Nc6 7. Qa4 Qa5 8. Qxc4
Bd7 9. Bd2 Qb6 10. dxc5 Bxc5 11. Nc3 Qb4 12. Qxb4 Bxb4 13. Nb5 Bxd2 14. Nxd2
Ke7 15. Nb3 Nb4 16. N5d4 e5 17. Nf3 e4 18. Nfd4 Rac8 19. a3 Nc6 20. e3 1/2-1/2

[Event "Schach Nienberge 1 - SG Turm Raesfeld/E"]
[Site "Regionalliga 2015/2016"]
[Date "2016.02.27"]
[Round "7.6"]
[White "Keller, Dirk"]
[Black "Bergemann, Martin"]
[Result "1/2-1/2"]
[WhiteElo "1887"]
[BlackElo "1897"]
[PlyCount "36"]
[EventDate "2016.??.??"]
[SourceDate "2015.09.11"]

1. c4 Nf6 2. Nc3 e5 3. g3 c6 4. d4 exd4 5. Qxd4 d5 6. Bg2 Be6 7. cxd5 Nxd5 8.
Nh3 Qb6 9. Qxb6 Nxb6 10. Nf4 Bf5 11. O-O Be7 12. e4 Bg6 13. b3 N8d7 14. h4 f6
15. Ne6 Kf7 16. Nf4 Ke8 17. Ne6 Kf7 18. Nf4 Ke8 1/2-1/2

[Event "Schach Nienberge 1 - SG Turm Raesfeld/E"]
[Site "Regionalliga 2015/2016"]
[Date "2016.02.27"]
[Round "7.7"]
[White "Tünte, Marcel"]
[Black "Schäfer, Günter"]
[Result "1/2-1/2"]
[WhiteElo "1705"]
[BlackElo "1910"]
[PlyCount "36"]
[EventDate "2016.??.??"]
[SourceDate "2015.09.11"]

1. e4 g6 2. d4 Bg7 3. Nf3 d6 4. h3 a6 5. Bc4 c6 6. Bb3 Nf6 7. Qd3 O-O 8. Bg5 d5
9. Bxf6 exf6 10. O-O dxe4 11. Qxe4 Re8 12. Qf4 Be6 13. Nbd2 Bxb3 14. axb3 Nd7
15. Nc4 Nb6 16. Nxb6 Qxb6 17. Rfe1 Qb4 18. Qd2 Qxd2 1/2-1/2

[Event "Schach Nienberge 1 - SG Turm Raesfeld/E"]
[Site "Regionalliga 2015/2016"]
[Date "2016.02.27"]
[Round "7.8"]
[White "Schipke, Thorsten"]
[Black "Cvetkovic, Reinhard"]
[Result "1-0"]
[WhiteElo "1793"]
[BlackElo "1706"]
[PlyCount "45"]
[EventDate "2016.??.??"]
[SourceDate "2015.09.11"]

1. e4 Nc6 2. Nc3 e5 3. f4 Bc5 4. Nf3 d6 5. Bb5 Bd7 6. d3 Nge7 7. Na4 Bb4+ 8. c3
Ba5 9. b4 Bb6 10. Nxb6 cxb6 11. O-O O-O 12. f5 a6 13. Ba4 Kh8 14. Ng5 Ng8 15.
Nxh7 Kxh7 16. Qh5+ Nh6 17. f6 Bg4 18. Qh4 Rg8 19. Bg5 Kg6 20. Bxh6 gxf6 21. Be3
Bh5 22. Rf5 Rh8 23. Qg3+ 1-0

[Event "SF Telgte 1 - SK Münster 2"]
[Site "Regionalliga 2015/2016"]
[Date "2016.02.27"]
[Round "7.1"]
[White "Holtel, Jasper"]
[Black "Muth, Josef"]
[Result "1-0"]
[WhiteElo "2236"]
[BlackElo "1987"]
[PlyCount "57"]
[EventDate "2016.??.??"]
[SourceDate "2015.09.11"]

1. e4 c5 2. Nf3 d6 3. d4 cxd4 4. Nxd4 Nf6 5. Nc3 a6 6. h3 e5 7. Nde2 b5 8. g4
Bb7 9. Bg2 b4 10. Nd5 Nxd5 11. exd5 Be7 12. Be3 O-O 13. Qd2 a5 14. h4 Qc7 15.
Ng3 Rc8 16. Be4 Qc4 17. g5 Nd7 18. h5 Nc5 19. Bxc5 Rxc5 20. Rd1 Qxa2 21. Nf5
Bf8 22. g6 Qxb2 23. Qg5 Qc3+ 24. Kf1 Qc4+ 25. Bd3 Qxd5 26. Nh6+ Kh8 27. Nxf7+
Kg8 28. gxh7+ Kxf7 29. Bg6+ 1-0

[Event "SF Telgte 1 - SK Münster 2"]
[Site "Regionalliga 2015/2016"]
[Date "2016.02.27"]
[Round "7.2"]
[White "Lodde, Martin"]
[Black "Kammers, Heribert"]
[Result "1-0"]
[WhiteElo "1922"]
[BlackElo "2043"]
[PlyCount "139"]
[EventDate "2016.??.??"]
[SourceDate "2015.09.11"]

1. d4 d5 2. Nf3 Nf6 3. g3 e6 4. Bg2 c5 5. O-O Nc6 6. b3 cxd4 7. Nxd4 e5 8. Nxc6
bxc6 9. c4 Be6 10. Bb2 Qc7 11. cxd5 cxd5 12. Nd2 Bd6 13. Rc1 Qb8 14. Nc4 O-O
15. Ne3 Rd8 16. Rc2 Qb7 17. Qa1 Rac8 18. Bxe5 Rxc2 19. Nxc2 Bxe5 20. Qxe5 Ng4
21. Qg5 f6 22. Qd2 Bf7 23. Nd4 Qa6 24. Rc1 Ne5 25. Bh3 Re8 26. Bg2 Qb6 27. a4
a5 28. Qc3 h5 29. Qc5 Qd8 30. Qc7 Kf8 31. Qxd8 Rxd8 32. Rc5 Ra8 33. Bxd5 Nd7
34. Rb5 Ra6 35. Bxf7 Kxf7 36. e3 Ne5 37. h4 g6 38. Rb7+ Ke8 39. Kf1 Nd7 40. Ke2
Nc5 41. Rg7 f5 42. f3 Rb6 43. Ra7 Nxb3 44. Nxb3 Rxb3 45. Rxa5 Rb2+ 46. Kf1 Rb1+
47. Ke2 Rb2+ 48. Kd3 Rg2 49. Rb5 Rxg3 50. a5 Rg1 51. a6 Ra1 52. Rb6 Kf7 53. Kd4
Ra5 54. Rc6 Kg7 55. Rb6 Kh7 56. e4 fxe4 57. fxe4 Kg7 58. Kc4 g5 59. Kb4 Re5 60.
a7 Re8 61. Kb5 Re5+ 62. Ka6 Re8 63. hxg5 h4 64. Rh6 h3 65. Rxh3 Re6+ 66. Kb5
Re5+ 67. Kb4 Rxe4+ 68. Kc5 Ra4 69. Kb6 Ra1 70. Rb3 1-0

[Event "SF Telgte 1 - SK Münster 2"]
[Site "Regionalliga 2015/2016"]
[Date "2016.02.27"]
[Round "7.3"]
[White "Virnyi, Julius"]
[Black "Junker, Axel"]
[Result "1/2-1/2"]
[WhiteElo "2087"]
[BlackElo "1866"]
[PlyCount "88"]
[EventDate "2016.??.??"]
[SourceDate "2015.09.11"]

1. d4 Nf6 2. Nf3 g6 3. c4 Bg7 4. Nc3 O-O 5. e4 c6 6. e5 Ne8 7. Be2 d6 8. exd6
Nxd6 9. d5 Bg4 10. c5 Nf5 11. dxc6 Nxc6 12. Qxd8 Rfxd8 13. O-O Bxf3 14. Bxf3
Nfd4 15. Bd1 Rac8 16. Bg5 h6 17. Be3 a5 18. g4 Ne5 19. Na4 Nd3 20. Rb1 Nxc5 21.
Nxc5 Rxc5 22. b4 Rb5 23. a3 axb4 24. Rxb4 Rxb4 25. axb4 Ra8 26. Re1 Ra1 27. Kf1
Rb1 28. Bxd4 Bxd4 29. Bf3 Rxb4 30. Rxe7 Rb2 31. Re2 Rxe2 32. Bxe2 g5 33. Bc4
Kf8 34. Ke2 Ke7 35. f3 f6 36. Kd3 Be5 37. h3 Kd6 38. Bg8 Kc5 39. Bf7 b5 40. Be6
Kb4 41. Bd7 Kc5 42. Be8 b4 43. Bf7 Kd6 44. Ke4 Kc5 1/2-1/2

[Event "SF Telgte 1 - SK Münster 2"]
[Site "Regionalliga 2015/2016"]
[Date "2016.02.27"]
[Round "7.4"]
[White "Kuhlenbäumer, Willi"]
[Black "Borrink, Jörn"]
[Result "0-1"]
[WhiteElo "1947"]
[BlackElo "2086"]
[PlyCount "80"]
[EventDate "2016.??.??"]
[SourceDate "2015.09.11"]

1. e4 e6 2. Nf3 d5 3. e5 c5 4. b4 c4 5. c3 Nd7 6. d3 cxd3 7. Bxd3 Qc7 8. Bf4
Ne7 9. Qe2 Ng6 10. Bg3 a5 11. bxa5 Nc5 12. Bc2 Rxa5 13. O-O b6 14. Nbd2 Ba6 15.
c4 Nd7 16. Rfc1 Ba3 17. Rcb1 dxc4 18. Qe3 Bb7 19. h4 Ne7 20. Qg5 g6 21. h5 Nf5
22. Bxf5 gxf5 23. Bh4 Bxf3 24. Nxf3 h6 25. Qg7 Rf8 26. Qxh6 Nxe5 27. Ng5 Ng4
28. Qh7 Bd6 29. Re1 Re5 30. Nf3 Rxe1+ 31. Rxe1 Be7 32. Bxe7 Qxe7 33. Nd4 Qh4
34. Rxe6+ fxe6 35. Qg6+ Rf7 36. Qxe6+ Qe7 37. Qc8+ Qd8 38. Qe6+ Kf8 39. Qxc4
Qf6 40. g3 Re7 0-1

[Event "SF Telgte 1 - SK Münster 2"]
[Site "Regionalliga 2015/2016"]
[Date "2016.02.27"]
[Round "7.5"]
[White "Kubo, Thomas"]
[Black "Kuhlenbäumer, Alfred"]
[Result "1-0"]
[WhiteElo "2028"]
[BlackElo "1849"]
[PlyCount "65"]
[EventDate "2016.??.??"]
[SourceDate "2015.09.11"]

1. Nf3 Nf6 2. g3 c5 3. Bg2 Nc6 4. c4 d6 5. O-O g6 6. b3 Bg7 7. Bb2 O-O 8. d4
Bf5 9. d5 Nb4 10. Ne1 Qd7 11. Nd2 a5 12. a3 Na6 13. a4 Bh3 14. Nd3 Bxg2 15.
Kxg2 Nb4 16. Nxb4 axb4 17. Qc2 Qg4 18. h3 Qd7 19. e4 Rfd8 20. Rad1 Nh5 21. f4
Bxb2 22. Qxb2 Ng7 23. e5 Nf5 24. Rde1 Qc7 25. Nf3 b5 26. g4 Ng7 27. axb5 Ra3
28. Rf2 Rda8 29. exd6 exd6 30. Rfe2 Qb7 31. Qf6 Ra2 32. Rxa2 Rxa2+ 33. Kg3 1-0

[Event "SF Telgte 1 - SK Münster 2"]
[Site "Regionalliga 2015/2016"]
[Date "2016.02.27"]
[Round "7.6"]
[White "Dieckmann, Werner"]
[Black "Niermann, Rainer"]
[Result "0-1"]
[WhiteElo "1744"]
[BlackElo "2002"]
[PlyCount "42"]
[EventDate "2016.??.??"]
[SourceDate "2015.09.11"]

1. d4 c5 2. d5 Nf6 3. c4 Ne4 4. Qd3 Qa5+ 5. Nd2 f5 6. Ngf3 g6 7. g3 Bg7 8. Bg2
e5 9. O-O Nd6 10. e4 O-O 11. Re1 Nxe4 12. Nxe4 fxe4 13. Qxe4 d6 14. Bd2 Qa6 15.
Qe2 Nd7 16. Ng5 Nb6 17. Rec1 Bf5 18. Ne4 Rad8 19. b3 Nxd5 20. Nxc5 dxc5 21. Bg5
Nf6 0-1

[Event "SF Telgte 1 - SK Münster 2"]
[Site "Regionalliga 2015/2016"]
[Date "2016.02.27"]
[Round "7.7"]
[White "Emunds, Hans Georg"]
[Black "Hirnstein, Markus"]
[Result "1/2-1/2"]
[WhiteElo "2155"]
[BlackElo "1881"]
[PlyCount "71"]
[EventDate "2016.??.??"]
[SourceDate "2015.09.11"]

1. e4 e6 2. d4 d5 3. Nd2 c5 4. Ngf3 cxd4 5. exd5 Qxd5 6. Bc4 Qd8 7. O-O a6 8.
a4 Bd6 9. Nb3 Nc6 10. Nbxd4 Nge7 11. Bg5 Qc7 12. Nxc6 Nxc6 13. h3 O-O 14. Qe2
Ne5 15. Nxe5 Bxe5 16. c3 Bd7 17. Rfe1 Bh2+ 18. Kh1 Bc6 19. Be3 Bf4 20. Bb3 Bxe3
21. Qxe3 Rad8 22. Rad1 Rxd1 23. Rxd1 Rd8 24. Rd4 Rxd4 25. Qxd4 e5 26. Qc4 e4
27. Qd4 h6 28. Kg1 Qf4 29. g3 Qc1+ 30. Qd1 Qxd1+ 31. Bxd1 f5 32. Kf1 Kf7 33.
Ke2 Ke6 34. h4 g5 35. hxg5 hxg5 36. a5 1/2-1/2

[Event "SF Telgte 1 - SK Münster 2"]
[Site "Regionalliga 2015/2016"]
[Date "2016.02.27"]
[Round "7.8"]
[White "Schenke, Conrad"]
[Black "Austrup, David"]
[Result "0-1"]
[WhiteElo "1681"]
[BlackElo "1956"]
[PlyCount "86"]
[EventDate "2016.??.??"]
[SourceDate "2015.09.11"]

1. Nf3 Nf6 2. Nc3 c5 3. e4 d6 4. b3 g6 5. Bb2 Bg7 6. Nd5 e6 7. Nxf6+ Bxf6 8.
Bxf6 Qxf6 9. Bb5+ Nd7 10. O-O a6 11. Bxd7+ Bxd7 12. Re1 O-O 13. e5 dxe5 14.
Nxe5 Rad8 15. d3 Bc8 16. Qf3 Qxf3 17. Nxf3 f6 18. Re3 Kf7 19. Rae1 Rfe8 20. Nd2
b6 21. Nc4 b5 22. Nd2 Bb7 23. Ne4 Bxe4 24. Rxe4 Rd4 25. f3 e5 26. Kf2 h5 27. g3
Rd5 28. f4 f5 29. Rxe5 Rexe5 30. Rxe5 Rxe5 31. fxe5 Ke6 32. Ke3 Kxe5 33. c3 g5
34. h3 a5 35. a3 f4+ 36. gxf4+ gxf4+ 37. Kf3 b4 38. axb4 axb4 39. cxb4 cxb4 40.
h4 Kd4 41. Kxf4 Kc3 42. Ke4 Kxb3 43. d4 Ka2 0-1

[Event "SC Gronau 1 - SK Dülmen 1"]
[Site "Regionalliga 2015/2016"]
[Date "2016.02.27"]
[Round "7.1"]
[White "Eiersbrock, Robin"]
[Black "Monsma, Menno"]
[Result "1-0"]
[WhiteElo "1994"]
[BlackElo "2075"]
[PlyCount "81"]
[EventDate "2016.??.??"]
[SourceDate "2015.09.11"]

1. d4 Nf6 2. c4 g6 3. Nc3 d5 4. cxd5 Nxd5 5. e4 Nxc3 6. bxc3 Bg7 7. Bc4 O-O 8.
Ne2 c5 9. O-O Nc6 10. Be3 Qc7 11. Rc1 Rd8 12. h3 b6 13. f4 e6 14. Kh1 Na5 15.
Bd3 c4 16. Bc2 f5 17. Ng3 Bb7 18. Qe2 Qe7 19. d5 exd5 20. exf5 Re8 21. Rce1 Qh4
22. Kh2 Bxc3 23. fxg6 d4 24. gxh7+ Kf7 25. Nf5 Rxe3 26. Nxh4 Rxe2 27. Bg6+ Kg7
28. Rxe2 d3 29. Re7+ Kf6 30. Rf7+ Ke6 31. f5+ Kd6 32. f6 Be5+ 33. Kg1 Bd5 34.
Rg7 d2 35. Nf5+ Kc5 36. Ne3 Be6 37. Re7 Kd6 38. Re8 Rxe8 39. Bxe8 Bxf6 40. Rxf6
c3 41. Rf1 1-0

[Event "SC Gronau 1 - SK Dülmen 1"]
[Site "Regionalliga 2015/2016"]
[Date "2016.02.27"]
[Round "7.2"]
[White "Storck, Martin"]
[Black "Wewers, Reinhard"]
[Result "1-0"]
[WhiteElo "1970"]
[BlackElo "2008"]
[PlyCount "101"]
[EventDate "2016.??.??"]
[SourceDate "2015.09.11"]

1. c4 Nf6 2. Nc3 c5 3. g3 e6 4. e4 Nc6 5. Bg2 Be7 6. Nge2 d6 7. d4 cxd4 8. Nxd4
Bd7 9. Ndb5 Qb8 10. b3 a6 11. Nd4 Nxd4 12. Qxd4 Bc6 13. O-O O-O 14. Bb2 b5 15.
cxb5 axb5 16. b4 Qb7 17. Rfe1 Rfd8 18. f3 Qa7 19. Qxa7 Rxa7 20. a3 Nd7 21. Bf1
Rb7 22. Ne2 Ne5 23. Nd4 Be8 24. Rac1 Bf6 25. Kg2 Nc4 26. Bxc4 bxc4 27. Rxc4 d5
28. exd5 Rxd5 29. Re2 Kf8 30. Nc6 Rc7 31. Bxf6 Rxc6 32. Rxc6 Bxc6 33. Rc2 Bd7
34. Bb2 f6 35. Bc1 Ke8 36. Rc3 Bb5 37. Kf2 Kd7 38. Be3 Bc6 39. g4 h5 40. h4 g6
41. g5 Rf5 42. Bc1 fxg5 43. Bxg5 Rd5 44. Ke3 Ba4 45. Bf4 Bc6 46. Rc2 Rd1 47.
Be5 Rd5 48. f4 Rd1 49. Rc5 Rb1 50. Ra5 Kc8 51. Ra7 1-0

[Event "SC Gronau 1 - SK Dülmen 1"]
[Site "Regionalliga 2015/2016"]
[Date "2016.02.27"]
[Round "7.3"]
[White "Mohnke, Martin"]
[Black "Langendijk, Andre"]
[Result "1/2-1/2"]
[WhiteElo "1970"]
[BlackElo "1960"]
[PlyCount "43"]
[EventDate "2016.??.??"]
[SourceDate "2015.09.11"]

1. Nf3 c5 2. c4 Nf6 3. Nc3 Nc6 4. d4 cxd4 5. Nxd4 e6 6. a3 d5 7. cxd5 Nxd5 8.
e4 Nxc3 9. bxc3 Bc5 10. Be3 Qa5 11. Qd2 O-O 12. Nb3 Bxe3 13. Qxe3 Qc7 14. Rd1
b6 15. Nd4 Nxd4 16. cxd4 Bb7 17. Be2 Qc2 18. f3 Rac8 19. O-O Rc3 20. Rc1 Rxe3
21. Rxc2 g5 22. Ra1 1/2-1/2